000 00888nam a2200277Ia 4500
003 OSt
005 20220927105314.0
006 a|||||r|||| 00| 0
007 ta
008 220926b |||||||| |||| 00| 0 eng d
020 _a9004098399
024 _a171874
037 _cReference Collections
040 _aRTL
_cRTL
_beng
041 _2eng
_aeng
082 _a"P15,3v498, N4.1"
100 _aVERHAGN Pieter C
_9371551
245 0 _aHistpry of Sankrit grammatical literature in Tibet V1
260 _aLeiden
_bE.J.Brill
_c1994
300 _a"ix,353p"
_ccm.
490 _vV1; transmission of the canonical literature
_aHandbook of oriental Studies
500 _aBibliography P 219-230; Appendix P 331-340
650 _aHistory of Sanskrit Grammer
_9371552
942 _h"P15,3v498, N4.1"
_cCC
999 _c691695
_d691695